LEADER 00898cam0 22002651 450 001 SOBE00020998 005 20150708105304.0 100 $a20111227d1931 |||||ita|0103 ba 101 $aeng 102 $aDE 200 1 $aSesame and Lilies$ethree lectures$fJohn Ruskin 210 $aLeipzig$cTauchnitz$d[1931] 215 $a271 p.$d17 cm 225 2 $aCollection of British and American Authors$v3861 410 1$1001SOBE00020984$12001 $a*Collection of British and American Authors$v3861 700 1$aRuskin$b, John$3AF00007038$4070$011255 801 0$aIT$bUNISOB$c20150708$gRICA 850 $aUNISOB 852 $aUNISOB$j820|Coll|5|K$m5006 912 $aSOBE00020998 940 $aM 102 Monografia moderna SBN 941 $aM 957 $a820|Coll|5|K$b000007$gSI$d5006$1bethb$2UNISOB$3UNISOB$420111227110732.0$520150708105304.0$6Alfano 996 $aSesame and lilies$9533005 997 $aUNISOB